000 00504nam a2200169 i 4500
001 59194
003 ES-MaACL
005 20230906164002.0
007 t|
008 031028s1969 sp ||||1| spa d
100 1 _aElluin, Jacques.
_947061
245 1 0 _aPesca de mar "surf-casting" /
_cJacques Elluin ; [traducido por A. Santamaría Díez].
260 _aMadrid :
_bParaninfo,
_c1969.
300 _a112 p. ;
_c17 cm.
700 1 _aSantamaría Díez, A.
_9103308
852 _aES-MaACL
_jC-36662
_bR.68937
999 _c59194
_d59194